000 00606nam a2200181Ia 4500
005 20250508150603.0
008 008 250505s9999 xx 000 0 eng d
037 _aTextual
040 _aFEDL
_beng
_cFEDL
041 _aeng
_2eng
084 _a901, COL
_qFEDL
245 0 _aIntroduction to contemporary civilization in the West, Manual for volume 2
245 0 _cColumbia. Contemporary Civilization Staff of Columbia College, Columbia University
260 _aNew York, USA
_b Columbia University Press
_c1946
300 _a162p
942 _cTEXL
_h901, COL
999 _c1324416
_d1324416